Jungle wala sahib (Urdu)(جنگل والا صاحب) (Record no. 65779)
[ view plain ]
| 000 -LEADER | |
|---|---|
| fixed length control field | 00734nam a2200217Ia 4500 |
| 001 - CONTROL NUMBER | |
| control field | 64633 |
| 003 - CONTROL NUMBER IDENTIFIER | |
| control field | OSt |
| 005 - DATE AND TIME OF LATEST TRANSACTION | |
| control field | 20150702102327.0 |
| 008 - FIXED-LENGTH DATA ELEMENTS--GENERAL INFORMATION | |
| fixed length control field | 150204s9999 xx 000 0 und d |
| 020 ## - INTERNATIONAL STANDARD BOOK NUMBER | |
| International Standard Book Number | 9789699473449 |
| 040 ## - CATALOGING SOURCE | |
| Transcribing agency | PK-LaUMT |
| 082 ## - DEWEY DECIMAL CLASSIFICATION NUMBER | |
| Classification number | 891.4393 |
| Item number | SID-J |
| 100 ## - MAIN ENTRY--PERSONAL NAME | |
| Personal name | Sidhwa, Bipsi(سدھوا، بپسی) |
| 245 ## - TITLE STATEMENT | |
| Title | Jungle wala sahib (Urdu)(جنگل والا صاحب) |
| Statement of responsibility, etc | Sidhwa, Bipsi|Umer Memon, Muhammad(سدھوا، بپسی[ عمیر میمن ، محمد) |
| 260 ## - PUBLICATION, DISTRIBUTION, ETC. (IMPRINT) | |
| Place of publication, distribution, etc | Lahore,Pakistan:(لاہور، پاکستان ) |
| Name of publisher, distributor, etc | Ilqa Publications,(القا پبلیکیشنز) |
| Date of publication, distribution, etc | 2012 |
| 300 ## - PHYSICAL DESCRIPTION | |
| Extent | 287 p. |
| 546 ## - LANGUAGE NOTE | |
| Language note | UR |
| 650 ## - SUBJECT ADDED ENTRY--TOPICAL TERM | |
| Topical term or geographic name as entry element | Pakistani literature-Urdu |
| 700 ## - ADDED ENTRY--PERSONAL NAME | |
| Personal name | Umer Memon, Muhammad |
| 942 ## - ADDED ENTRY ELEMENTS (KOHA) | |
| Koha item type | Books |
| Source of classification or shelving scheme | Dewey Decimal Classification |
| Withdrawn status | Lost status | Damaged status | Not for loan | Home library | Current library | Date acquired | Total Checkouts | Full call number | Barcode | Date last seen | Date checked out | Price effective from | Koha item type |
|---|---|---|---|---|---|---|---|---|---|---|---|---|---|
| UMT Main Campus | UMT Main Campus | 2015-02-04 | 5 | 891.4393 SID-J | 79993 | 2018-03-15 | 2018-03-03 | 2015-02-04 | Books |
